Регионална библиотека "Любен Каравелов" - Русе

Дядо, разкажи ми за шевиците! (Запис номер 432719)

MARC детайли
000 -Лидер
Контролно поле с фиксирана дължина 01123nam a2200301 a 4500
003 - Код на организацията, давaща контролен номер
Контролно поле BLK
005 - Дата и час на последна редакция
Контролно поле 20250701175003.0
008 - Елементи от данни с фиксирана дължина
fixed length control field 210925b bu |||||r|||||||| ||bu d
020 ## - Международен стандартен номер на книга ISBN
Международен стандартен номер на книга ISBN 9786192460570
040 ## - Източник на каталожния запис
Идентификатор на билиотеката - собственик на записа BLK
041 ## - Код за език
Код за езика на текст/звукозапис или на отделно заглавие Български
Код за езика КДБФ Български
080 ## - УДК
Текстов определител УДК Фолклор (в тесен смисъл)
УДК код - определител по УДК 398
УДК определител (497.2)(02.053.2)
УДК - код + определител 398(497.2)(02.053.2)
100 ## - Редна дума - Автор
R(LIN) 371943
Автор Желев, Живко
Авторска отговорност първи автор
139 ## - Редно поле
Редна дума Желев, Живко и др.
Авторски знак Желе - Ж 34
245 ## - Сведения за заглавието
Заглавие Дядо, разкажи ми за шевиците!
Редно поле (дума) Живко Желев ; съавт. Аркадиа Желева.
257 ## - Страна на издаване
Страна на създаване/издаване България
260 ## - Област на издателските данни
9 (RLIN) 402164
Място на издаване, разпространение и проч. София
Име на издателя, разпространителя и проч. Робертино
Година на издаване 2021
300 ## - Физическа характеристика
Страници 68 с.
Размери/Мащаб 19 см
380 ## - Жанр
Жанр Детска отраслова лит.
650 #7 - Допълнително описание по предмет – тема
9 (RLIN) 155169
Основно описание – тема или топоним Етнография
650 #7 - Допълнително описание по предмет – тема
9 (RLIN) 177812
Основно описание – тема или топоним Шевици, български
653 #7 - Ключова дума – ненормативна
9 (RLIN) 182734
Ключова дума български шевици
700 ## - Други автори (авторска отговорност)
Лично име Желева, Аркадиа
Автороска отговорност (Описва отношението между автора и произведението) съавт.
9 (RLIN) 1445
852 ## - Местоположение
Фондова буква Детски отдел
Систематично-азбучна сигнатура 39/Ж 34 Ж
852 ## - Местоположение
Фондова буква Хранилище
Форматна сигнатура Цб 311544
999 ## - СИСТЕМНИ КОНТРОЛНИ НОМЕРА
Koha biblionumber 432719
Koha biblioitemnumber 432719
942 ## - АРТИКУЛИ
Вид на библиотечния материал Книги
Скрит в OPAC Не
Периодичен библиозапис Да
Koha issues (borrowed), all copies 8
944 ## - СЪЗДАВАНЕ И РЕДАКЦИЯ на ЗАПИСА
Дата на регистрацията/редакция 2021-09-25
Служител, извършил регистрацията/редакцията 30537
Статус, дата на статуса Грета Цуфелде
Наличности
Код за отписване Код за изгубен артикул Източник на класификационната схема Код за повреда Коз за рестрикции Код за отдаване Артикулен № Име на библиотеката - собственик Име на библиотеката, в която се намира в момента Статус (Текущо местоположение) Дата на вписване в системата Местоположение - отдел Цена в лева Систематично азбучна сигнатура Баркод Цена в евро Служебен тип на артикула
  Не е изгубен Universal Decimal Classification Не е повреден без рестрикции заемане за дома 856375 Регионална библиотека "Любен Каравелов" Русе Регионална библиотека "Любен Каравелов" Русе Детски отдел 2021-09-29 Детски отдел 14.93 39/Ж 34 Ж 120000860056 7.63 Книги
  Не е изгубен Universal Decimal Classification Не е повреден без рестрикции заемане за дома 856376 Регионална библиотека "Любен Каравелов" Русе Регионална библиотека "Любен Каравелов" Русе Детски отдел 2021-09-29 Детски отдел 14.93 39/Ж 34 Ж 120000860055 7.63 Книги
  Не е изгубен Universal Decimal Classification Не е повреден само за читалня ползва се в читалня 876973 Регионална библиотека "Любен Каравелов" Русе Регионална библиотека "Любен Каравелов" Русе Хранилище 2022-03-18 Хранилище 19.90 Цб 311544 120000869454 10.17 Книги
Vip Innovations Ltd, Rousse, Bulgaria 2025